• 首页
  • 本馆介绍
  • 公告通知
  • 最新文献
  • 馆藏检索
  • 电子资源
  • 读者导购
  • 参考咨询
  • 我的图书馆
  • 登录
  • 详细信息显示
  • 放入我的书架
  • 预约/预借图书
  • 作者相关作品
  • 分类相关作品
  • 丛书相关作品
  • 出版社相关作品

书目信息

  • 表格格式
  • 工作单格式
  • 卡片格式
题名:
我包罗万象
    
 
作者: 扬 著 ;郑李 译
分册:  
出版信息: 北京   北京联合出版公司  2019
页数: 344页
开本: 24cm
丛书名:
单 册:
中图分类: Q939-49 , Q939
科图分类:
主题词: 微生物--普及读物
电子资源:
ISBN: 978-7-5596-2921-0
000 01265nam0 2200265 450
001 2259680114
005 20220922163506.39
010    @a978-7-5596-2921-0@b精装@dCNY88.00
100    @a20190731d2019 em y0chiy50 ea
101 1  @achi@ceng
102    @aCN@b110000
105    @aa z 000yy
200 1  @a我包罗万象@9wo bao luo wan xiang@e微生物视野下的生命图景全纪录@dI contain multitudes@ethe microbes within us and a grander view of life@f(英)埃德·扬(Ed Yong)著@g郑李译@zeng
210    @a北京@c北京联合出版公司@d2019
215    @a344页@d24cm
330    @a本书将带领我们以“微生物之眼”重新认识生命体之间的共生关系。在每个自成“动物园”的人体之上,微生物能塑造器官、防御疾病、消化食物、驯化免疫系统、指导行为,并赋予我们各种神奇的能力。读者可以通过本书重新认识人类过往对很多古老共生关系的大意破坏,同时见证当下各行各业努力构建新型共生关系的谨慎尝试。
510 1  @aI contain multitudes@ethe microbes within us and a grander view of life@zeng
517 1  @a微生物视野下的生命图景全纪录@9wei sheng wu shi ye xia de sheng ming tu jing quan ji lu
606 0  @a微生物@j普及读物
690    @aQ939-49@v5
690    @aQ939@v4
701  1 @c(英)@a扬@9yang@g(Yong, Ed)@4著
702  0 @a郑李@9zheng li@4译
801  0 @aCN@b91MARC@c20190731
905    @aZUCC@dQ939@e70
    
    我包罗万象:微生物视野下的生命图景全纪录=I contain multitudes:the microbes within us and a grander view of life/(英)埃德·扬(Ed Yong)著/郑李译.-北京:北京联合出版公司,2019
    344页;24cm
    
    
    ISBN 978-7-5596-2921-0(精装):CNY88.00
    本书将带领我们以“微生物之眼”重新认识生命体之间的共生关系。在每个自成“动物园”的人体之上,微生物能塑造器官、防御疾病、消化食物、驯化免疫系统、指导行为,并赋予我们各种神奇的能力。读者可以通过本书重新认识人类过往对很多古老共生关系的大意破坏,同时见证当下各行各业努力构建新型共生关系的谨慎尝试。
●
相关链接 在五车中查询图书 在当当中查询图书 在豆瓣中查询图书


正题名:我包罗万象     索取号:Q939/70         预约/预借

序号 登录号 条形码 馆藏地/架位号 状态 备注
1 2000902450   2000902450   第三书库/ [索取号:Q939/70] 在馆    
2 2000902451   2000902451   第三书库/ [索取号:Q939/70] 在馆    
3 2000902452   2000902452   第三书库/ [索取号:Q939/70] 在馆    
山东省滨州职业学院图书馆 欢迎您!
大连网信软件有限公司© 版权所有